Entry Nombre personal
001 - NÚMERO DE CONTROL
- campo de control: 12249
003 - IDENTIFICADOR DEL NÚMERO DE CONTROL
- campo de control: BNPHU
005 - FECHA Y HORA DE LA ÚLTIMA TRANSACCIÓN
- campo de control: 20240301174137.0
008 - DATOS DE LONGITUD FIJA
- campo de control de longitud fija: 200615|| aca||aabn | a|a d
010 ## - NÚMERO DE CONTROL DE LA BIBLIOTECA DEL CONGRESO
- Número de control de LC: n 82159889
040 ## - FUENTE DE LA CATALOGACIÓN
- Centro catalogador/agencia de origen: DO-SdBNP
- Lengua de catalogación: spa
- Centro/agencia transcriptor: BNPHU
- Normas de descripción: rda
100 1# - ENCABEZAMIENTO-NOMBRE DE PERSONA
- Nombre de persona: Gómez, Máximo,
- Fechas asociadas al nombre: 1836-1905
370 ## - LUGAR ASOCIADO
- Lugar de nacimiento: Baní (República Dominicana)
- Lugar de fallecimiento: Havana (Cuba)
374 ## - OCUPACIÓN
- Ocupación: Militar
375 ## - GÉNERO/SEXO
- Género/Sexo: Masculino
377 ## - LENGUA/LENGUAJE ASOCIADO
- Código del idioma: spa
- Término de lengua/lenguaje: Español
378 ## - FORMA COMPLETA/DESARROLLADA DEL NOMBRE
- Forma completa/desarrollada del nombre: Gómez y Báez
400 1# - TRAZADO DE VÉASE--NOMBRE DE PERSONA
- Nombre de persona: Báez, Máximo Gómez y
- Fechas asociadas al nombre: 1836-1905
400 1# - TRAZADO DE VÉASE--NOMBRE DE PERSONA
- Nombre de persona: Gómez Báez, Máximo,
- Fechas asociadas al nombre: 1836-1905
400 1# - TRAZADO DE VÉASE--NOMBRE DE PERSONA
- Nombre de persona: Gómez y Báez, Máximo,
- Fechas asociadas al nombre: 1836-1905
670 ## - FUENTE DE DATOS ENCONTRADOS
- Cita de la fuente: Cassá, Roberto, 1948- 766, Máximo Gómez :, 2004.
670 ## - FUENTE DE DATOS ENCONTRADOS
- Cita de la fuente: Martí, J. Correspondencia con el general Máximo Gómez, 1977:
670 ## - FUENTE DE DATOS ENCONTRADOS
- Cita de la fuente: Museo Hemingway, 1985:
670 ## - FUENTE DE DATOS ENCONTRADOS
- Cita de la fuente: Encic. de Cuba,
- Información encontrada: v. 9, p. 3, etc. (Máximo Gómez)
670 ## - FUENTE DE DATOS ENCONTRADOS
- Cita de la fuente: https://es.wikipedia.org/wiki/M%C3%A1ximo_G%C3%B3mez
